| 000 | 01449nam a2200373Ia 4500 | ||
|---|---|---|---|
| 001 | ebr10593863 | ||
| 003 | CaPaEBR | ||
| 006 | m u | ||
| 007 | cr cn||||||||| | ||
| 008 | 100122s2008 enk s 001 0 eng d | ||
| 010 | _z 2010286041 | ||
| 020 | _z1855756293 | ||
| 020 | _z9781849409940 | ||
| 020 | _z9781855756298 | ||
| 040 |
_aCaPaEBR _cCaPaEBR |
||
| 035 | _a(OCoLC)810931646 | ||
| 050 | 1 | 4 |
_aRC455.4.P76 _bM45 2008eb |
| 082 | 0 | 4 |
_a616.89/17 _222 |
| 100 | 1 | _aMeltzer, Donald. | |
| 245 | 1 | 4 |
_aThe claustrum _h[electronic resource] : _ban investigation of claustrophobic phenomena / _cDonald Meltzer ; with an essay by Meg Harris Williams : Macbeth's equivocation, Shakespeare's ambiguity. |
| 260 |
_aLondon : _bPublished for the Harris Meltzer Trust by Karnac Books, _cc2008. |
||
| 300 | _a195 p. | ||
| 500 | _aIncludes index. | ||
| 533 |
_aElectronic reproduction. _bPalo Alto, Calif. : _cebrary, _d2011. _nAvailable via World Wide Web. _nAccess may be limited to ebrary affiliated libraries. |
||
| 650 | 0 | _aProjection (Psychology) | |
| 650 | 0 | _aProjective identification. | |
| 650 | 0 | _aIdentity (Psychology) | |
| 650 | 0 | _aPsychoanalysis. | |
| 650 | 0 | _aNarcissism. | |
| 655 | 7 |
_aElectronic books. _2local |
|
| 700 | 1 |
_aWilliams, Meg Harris, _d1951- |
|
| 710 | 2 | _aebrary, Inc. | |
| 856 | 4 | 0 |
_uhttp://site.ebrary.com/lib/rucke/Doc?id=10593863 _zAn electronic book accessible through the World Wide Web; click to view |
| 999 |
_c111901 _d111901 |
||